000
00237 a2200097 4500
001
13314
100
_a
Levitin,A
245
_a
Introduction to the design & analysis of algorithms
260
_a
_b
Pearson eduction
_c
090
_c
10331
_d
10331
942
_a
NUST-CAE
_c
M
_c
372
999
_c
248387
_d
248387